MARC

LEADER 00000nam0a2200000 4500
001 17974
005 20231101205157.0
010 |a 5010026031 
035 |a (RuTPU)RU\TPU\book\18122 
035 |a BOOK00002810 
090 |a 17974 
100 |a 20011209d1993 km y0rusy50 ca 
101 1 |a rus  |c eng 
102 |a RU 
105 |a y z 000zy 
200 1 |a Американцы: демократический опыт  |e пер. с англ.  |f Д. Бурстин 
210 |a Москва  |c Прогресс  |d 1993 
215 |a 832 с. 
606 1 |a Демократическое движение  |x В США  |2 stltpush  |3 (RuTPU)RU\TPU\subj\9062  |9 36351 
610 1 |a политика 
610 1 |a США 
610 1 |a Америка 
610 1 |a американцы 
610 1 |a демократия 
610 1 |a история 
610 1 |a массовая культура 
686 |a Ф3(7США)6  |v LBC/SL-A  |2 rubbk 
686 |a Т3(7США)  |v LBC/SL-A  |2 rubbk 
700 1 |a Бурстин  |b Д.  |g Дэниел 
801 0 |a RU  |b 63413507  |c 20011209  |g PSBO 
801 2 |a RU  |b 63413507  |c 20140721  |g PSBO 
942 |c BK